Programmation : proceedings of the 2nd International Symposium on Programming = Actes du 2e Colloque international sur la programmation : Paris, 13-15 avril 1976 /
Guardado en:
| Autor Corporativo: | |
|---|---|
| Otros Autores: | |
| Formato: | Libro |
| Idioma: | French English |
| Publicado: |
Paris :
Dunod,
c1977.
|
| Series: | Dunod informatique
|
| Materias: | |
| Etiquetas: |
Agregar Etiqueta
Sin Etiquetas, Sea el primero en etiquetar este registro!
|
| LEADER | 00943cam a2200241 a 4500 | ||
|---|---|---|---|
| 001 | MAT.inmabb006032 | ||
| 008 | 770825s1977####fr#a#####b####100#0#fre## | ||
| 005 | 20110913143059.0 | ||
| 245 | 1 | 0 | |a Programmation : |b proceedings of the 2nd International Symposium on Programming = Actes du 2e Colloque international sur la programmation : Paris, 13-15 avril 1976 / |c direction, B. Robinet. |
| 260 | |a Paris : |b Dunod, |c c1977. | ||
| 300 | |a 248 p. : |b il. ; |c 24 cm. | ||
| 490 | 0 | |a Dunod informatique | |
| 500 | |a English or French, with summaries in English and French. | ||
| 500 | |a Includes bibliograhies. | ||
| 020 | |a 2040051856 | ||
| 111 | 2 | |a International Symposium on Programming |n (2nd : |d 1976 : |c Paris) | |
| 700 | 1 | |a Robinet, B. |q (Bernard), |d 1941- | |
| 650 | 0 | |a Computer programming |x Congresses. | |
| 084 | |a 68-06 |2 msc2000 | ||
| 010 | |a 77480344 | ||
| 040 | |a DLC |c DLC |d DLC | ||
| 041 | 0 | |a fre |a eng | |
| 859 | |h 68 |i In61 1976 |p A-5290 |b BIB. MATEMATICA | ||
